| 000 | 00903cam a2200265 a 4500 | ||
|---|---|---|---|
| 001 | 000019267 | ||
| 003 | UkOxU | ||
| 005 | 20200929165952.0 | ||
| 008 | 880808s1965 sp 000 0 spa d | ||
| 040 |
_aDO-SdBNP _bspa _cLC _dBNPHU |
||
| 082 |
_aD0400240757 _bP391a |
||
| 100 | 1 |
_aPellicer de Touar, Joseph, _d1602-1679. _941447 |
|
| 245 | 1 | 0 |
_aAvisos históricos / _cJosé Pellicer. |
| 260 |
_aMadrid : _bTaurus, _c1965. |
||
| 300 |
_a259 p. ; _c18 cm. |
||
| 490 | 1 |
_aTemas de España _pSer y tiempo ; _v31 |
|
| 651 | 0 |
_aSpain _xHistory _yPhilip IV, 1621-1665 _941448 |
|
| 651 | 0 |
_aSpain _xSocial Life And Customs _928419 |
|
| 651 | 0 |
_aMadrid (Spain{Rpara} _xSocial Life And Customs _941449 |
|
| 651 | 0 |
_aSpain _xCourt And Courtiers _941450 |
|
| 700 | 1 |
_aTierno Galván, Enrique. _931524 |
|
| 830 | 0 |
_aTemas de España. _pSer y tiempo ; _v31 _941451 |
|
| 910 | _aCatalogación derivada / LC | ||
| 049 | _aBNGR | ||
| 999 |
_c18785 _d18785 |
||